LEADER 01319nam 2200361Ia 450 001 996386699703316 005 20200818220515.0 035 $a(CKB)4940000000081995 035 $a(EEBO)2248503764 035 $a(OCoLC)ocm15584567e 035 $a(OCoLC)15584567 035 $a(EXLCZ)994940000000081995 100 $a19870424d1648 uy | 101 0 $aeng 135 $aurbn||||a|bb| 200 12$aA paper$b[electronic resource] /$fdelivered in by Dr. Alston, Dr. Hamens, Dr. Bates, Dr. Micklethwait on Monday the 16. of October, 1648, to the Honorable Committee for Bathes and Bath-stoves from the Colledge of Physitians in London ; together with an answer thereunto by Peter Chamberlen, Dr. in Physick and fell. of the said colledge 210 $aLondon printed $c[s.n.]$d1648 215 $a[2], 5 p 300 $aItem at reel 1943:10 identified as Wing A2928 (number cancelled). 300 $aReproductions of originals in the British Library and Bodleian Library. 330 $aeebo-0018 606 $aPublic baths$zEngland 615 0$aPublic baths 701 $aChamberlen$b Peter$f1601-1683.$01002756 801 0$bEAE 801 1$bEAE 801 2$bm/c 801 2$bEAE 801 2$bWaOLN 906 $aBOOK 912 $a996386699703316 996 $aA paper$92415146 997 $aUNISA LEADER 01241nam a2200277 i 4500 001 991003306309707536 005 20020509115836.0 008 960614s1977 it ||| | ||| 035 $ab11141207-39ule_inst 035 $aPARLA179320$9ExL 040 $aDip.to scienze storiche$bita 100 1 $aFossier, Lucie$0211621 245 10$aInformatique et histoire medievale :$bcommunications et debats de la table ronde CNRS, organisee par l?ecole francaise de Rome et l'Instiute d'Histoire medievale de l'universite de Pise (Rome, 20-22 mai 1975) /$cpresentes par Lucie Fossier, Andre Vauchez, Cinzio Violante 260 $aRoma :$bEcole francaise,$c1977 300 $a436 p. :$b2 tav. ;$c25 cm. 490 0 $aCollection de l'école française de Rome ;$v31 650 4$aDocumenti$yMedioevo - Informatica 650 4$aInformatica e storia medioevale 700 1 $aVauchez, André 700 1 $aViolante, Cinzio 907 $a.b11141207$b23-02-17$c28-06-02 912 $a991003306309707536 945 $aLE009 STOR.24-26$g1$i2009000065895$lle009$o-$pE0.00$q-$rl$s- $t0$u0$v0$w0$x0$y.i11281200$z28-06-02 996 $aInformatique et histoire medievale$9871537 997 $aUNISALENTO 998 $ale009$b01-01-96$cm$da $e-$feng$git $h0$i1 LEADER 01074nam a2200289 i 4500 001 991001572199707536 005 20020502185914.0 008 940104s1988 it ||| | ita 020 $a8815019642 035 $ab10871408-39ule_inst 035 $aLE02372024$9ExL 040 $aDip.to Studi Storici$bita 082 0 $a336.34 245 13$aIl debito pubblico /$ca cura di Massimo Matteuzzi e Annamaria Simonazzi 260 $aBologna :$bIl mulino,$c[1988] 300 $a364 p. ;$c21 cm. 490 0 $aProblemi e prospettive.$pSer. di economia 650 4$aDebito pubblico 700 $aMatteuzzi, Massimo 700 1 $aSimonazzi, Annamaria 907 $a.b10871408$b23-02-17$c28-06-02 912 $a991001572199707536 945 $aLE023 336 MAT 1 1$g1$i2023000010556$lle023$o-$pE0.00$q-$rn$so $t0$u0$v0$w0$x0$y.i10979773$z28-06-02 945 $aLE023 336 MAT 1 1 bis$g0$i2023000010570$lle023$o-$pE0.00$q-$rl$s- $t0$u0$v0$w0$x0$y.i10979785$z28-06-02 996 $aDebito pubblico$956025 997 $aUNISALENTO 998 $ale023$b01-01-94$cm$da $e-$fita$git $h3$i2